| 000 | 00779nam a2200229 a 4500 | ||
|---|---|---|---|
| 001 | 13723 | ||
| 003 | BD-JhCC | ||
| 005 | 20240319130520.0 | ||
| 008 | 240319b2012 bg |||| ||a| 001 0 eng d | ||
| 020 | _a9780190704230 | ||
| 035 | _a(BD-JhCC)13723 | ||
| 040 |
_aBD-JhCC _dBD-JhCC |
||
| 041 | _aenglish | ||
| 082 |
_a954.92 _bRAJ 2012 |
||
| 100 | _a Raja, Khadim Hussain | ||
| 245 |
_aA Stranger In My Own Country : _bEast Pakistan, 1969-1971 / _cKhadim Hussain Raja . |
||
| 260 |
_aDhaka: _bThe University Press Limited; _c 2012. |
||
| 300 |
_axx,131 p. : _c22 cm. |
||
| 600 | _a 1971 | ||
| 650 |
_a Bangladesh _vBangladesh History Revolution, 1971 _xPakistan Politics and government _yRaja, Khadim Hussain, 1922-1999 _zPākistān Politique et gouvernement |
||
| 942 |
_2ddc _cBK |
||
| 999 |
_c13723 _d13723 |
||